LEADER 01125nam0-22003371i-450 001 990007828250403321 005 20230418104948.0 035 $a000782825 035 $aFED01000782825 035 $a(Aleph)000782825FED01 035 $a000782825 100 $a20101111d1969----km-y0itay50------ba 101 0 $aita 102 $aIT 105 $aa---n---001yy 200 1 $aGuida pratica per la liquidazione delle imposte di successione$ecenni pratici sulla devoluzione ereditaria, 140 esempi di liquidazione, prontuario per il rapido calcolo delle imposte$fCalogero Vinci, Luigi Marzullo 205 $a2. ed. riveduta ed aggiornata al 1. gennaio 1969 210 $aMilano$cPirola$d1969 215 $a277 p.$c1 tab.$d24 cm 676 $a336$v21$zita 700 1$aVinci,$bCalogero$0107166 701 1$aMarzullo,$bLuigi$0280295 801 0$aIT$bUNINA$gRICA$2UNIMARC 901 $aBK 912 $a990007828250403321 952 $aH 36$b575$fDSS 952 $aC2-P9-45-RA$bs.i.$fECA 959 $aDSS 959 $aECA 996 $aGuida pratica per la liquidazione delle imposte di successione$9663383 997 $aUNINA